| 000 | 00637nam a22002057a 4500 | ||
|---|---|---|---|
| 005 | 20260416093547.0 | ||
| 008 | 260416b |||||||| |||| 00| 0 eng d | ||
| 020 | _a9789354667947 | ||
| 040 | _cAL | ||
| 041 | _aEnglish | ||
| 082 |
_a621.380414 _bCHAO |
||
| 100 |
_aP Chakrabarti _9261741 |
||
| 245 | _aOptoelectronic devices and optical fiber communication | ||
| 260 |
_aNew Delhi _bCBS Publishers and distributors Pvt Ltd _c2024 |
||
| 300 |
_a586 p. _bPB _c24x17 cm. |
||
| 365 |
_aVBI-2645 _b₹562.50 _c₹ _d₹750.00 _e25% _f20-02-2026 |
||
| 650 |
_aOptical sources _9261742 |
||
| 650 |
_aPhotodetectors _9261743 |
||
| 942 |
_2ddc _cBK |
||
| 999 |
_c241254 _d241254 |
||